[Event "C.to Europeo U16 femminile"]
[Site "Kallithea GRE"]
[Date "2001.08.31"]
[Round "1"]
[White "Kineva, Ekaterina"]
[Black "Costantini, Laura"]
[Result "1-0"]
[WhiteElo "2205"]
[BlackElo "1936"]
[PlyCount "87"]
[EventDate "2001.08.31"]

1. e4 c5 2. Nf3 d6 3. d4 cxd4 4. Nxd4 Nf6 5. Nc3 a6 6. Bg5 e6 7. f4 Nc6 8. Qd2
Be7 9. O-O-O O-O 10. Be2 Nxd4 11. Qxd4 Qa5 12. Kb1 b5 13. e5 dxe5 14. fxe5 Nd5
15. Bxe7 Nxe7 16. Bf3 Nf5 17. Qf4 Rb8 18. Ne4 Bb7 19. Nd6 Nxd6 20. exd6 Rfd8
21. Rhf1 Bxf3 22. Rxf3 Rd7 23. Rc3 Qd8 24. Rc6 Rb6 25. Rxb6 Qxb6 26. a3 f6 27.
b3 Qc5 28. Kb2 e5 29. Qd2 Kf7 30. Qd3 h6 31. c4 Ke6 32. Qh3+ f5 33. Qg3 Kf6 34.
Rd5 Qc6 35. Qxe5+ Kf7 36. Qxf5+ Kg8 37. Qe6+ Kh7 38. Qe4+ Kg8 39. Qe6+ Kh7 40.
Qf5+ Kg8 41. c5 a5 42. Qe6+ Kh7 43. Qe4+ Kg8 44. Re5 1-0

[Event "C.to Europeo U16 femminile"]
[Site "Kallithea GRE"]
[Date "2001.09.02"]
[Round "3"]
[White "Hidegh, Eszter"]
[Black "Costantini, Laura"]
[Result "1-0"]
[WhiteElo "2079"]
[BlackElo "1936"]
[PlyCount "97"]
[EventDate "2001.08.31"]

1. e4 c5 2. Nc3 d6 3. g3 g6 4. Bg2 Bg7 5. d3 Nc6 6. Be3 e6 7. f4 Nge7 8. Nf3
O-O 9. O-O Nd4 10. Bf2 Nec6 11. e5 dxe5 12. Nxe5 Nxe5 13. fxe5 Bxe5 14. Ne4 Bd7
15. c3 Nf5 16. Bxc5 Re8 17. d4 Bg7 18. Qd3 Bc6 19. g4 Bxe4 20. Qxe4 Nd6 21.
Bxd6 Qxd6 22. Qxb7 Rf8 23. Rxf7 Rxf7 24. Qxa8+ Qf8 25. Qxf8+ Kxf8 26. Rf1 Rxf1+
27. Kxf1 Ke7 28. Ke2 Kd6 29. Kd3 e5 30. d5 Bf6 31. b4 a5 32. Kc4 Bd8 33. Kb5
axb4 34. cxb4 Kc7 35. a4 Be7 36. Be4 Bd6 37. g5 Be7 38. h4 Bd6 39. Ka5 Kb7 40.
h5 gxh5 41. Bxh7 Be7 42. Be4 Bxg5 43. d6+ Kc8 44. Kb6 Kd7 45. Kc5 Be3+ 46. Kd5
Bd4 47. a5 h4 48. b5 Bc3 49. a6 1-0

[Event "C.to Europeo U16 femminile"]
[Site "Kallithea GRE"]
[Date "2001.09.04"]
[Round "5"]
[White "Hasanova, Elmira"]
[Black "Costantini, Laura"]
[Result "1-0"]
[WhiteElo "2264"]
[BlackElo "1936"]
[PlyCount "89"]
[EventDate "2001.08.31"]

1. d4 Nf6 2. c4 g6 3. Nc3 Bg7 4. e4 d6 5. h3 O-O 6. Bg5 c5 7. d5 b5 8. cxb5 a6
9. Bd3 Qa5 10. Bd2 axb5 11. Nxb5 Qb6 12. a4 c4 13. Bc2 Nbd7 14. Ne2 Nc5 15.
Nec3 Ba6 16. O-O Nfd7 17. Be3 Bxb5 18. axb5 Ra5 19. Qe2 Rxa1 20. Rxa1 Bxc3 21.
bxc3 Qxb5 22. Bd4 Rd8 23. Rb1 Qa6 24. f4 e5 25. dxe6 Nxe6 26. Be3 Nec5 27. Rb4
Qa1+ 28. Kh2 Qxc3 29. Rxc4 Qa5 30. Rd4 Qc7 31. Qd2 Nb7 32. Bf2 Rc8 33. Bb3 Ndc5
34. Bd5 Qe7 35. Bg3 Rd8 36. Rb4 Rd7 37. Qe3 Kg7 38. Be1 f6 39. Bc3 Rc7 40. e5
Kf8 41. Qf3 dxe5 42. fxe5 f5 43. g4 Qd7 44. gxf5 Qxf5 45. Rf4 1-0

[Event "XXI Festival Conca della Presolana A"]
[Site "Bratto - Castione della Presolana ITA"]
[Date "2001.08.22"]
[Round "1"]
[White "Agnelli, Francesco"]
[Black "Cebalo, Miso"]
[Result "0-1"]
[WhiteElo "2132"]
[BlackElo "2476"]
[PlyCount "106"]
[EventDate "2001.08.22"]

1.e4 c5 2.Nf3 d6 3.d4 cxd4 4.Nxd4 Nf6 5.Nc3 g6 6.Be3 Bg7 7.f3 O-O 8.Qd2 
Nc6 9.Bc4 Bd7 10.O-O-O Ne5 11.Bb3 Qa5 12.Bh6 Rfc8 13.Bxg7 Kxg7 14.Kb1 Nc4 
15.Bxc4 Rxc4 16.Nb3 Qe5 17.h4 Rac8 18.Qg5 Be6 19.Rd2 a6 20.Rhd1 h6 21.Qxe5
dxe5 22.Rd8 R8c7 23.Na5 R4c5 24.Nb3 R5c6 25.R1d2 g5 26.hxg5 hxg5 27.Nc1 
Bc4 28.Nd3 Bxd3 29.R8xd3 g4 30.Nd1 Nh5 31.Ne3 gxf3 32.Nf5+ Kf6 33.gxf3 Nf4
34.Rd8 Rc8 35.R8d7 R8c7 36.Rd8 b5 37.a3 Rc8 38.R8d7 R8c7 39.Rd8 Rb6 40.c3 
a5 41.Rh2 b4 42.axb4 axb4 43.cxb4 Rxb4 44.Rh6+ Ng6 45.Ne3 e6 46.Rd3 Rd4 
47.Rb3 Ke7 48.Rh2 Nf4 49.Rc2 Rcd7 50.Rbc3 Nd3 51.Rc7 Ne1 52.Rxd7+ Rxd7 53.
Rc3 Nxf3 0-1

[Event "XXI Festival Conca della Presolana A"]
[Site "Bratto - Castione della Presolana ITA"]
[Date "2001.08.22"]
[Round "1"]
[White "Arlandi, Ennio"]
[Black "Farina, Saverio"]
[Result "1-0"]
[WhiteElo "2449"]
[BlackElo "2126"]
[PlyCount "89"]
[EventDate "2001.08.22"]

1.d4 d5 2.c4 e6 3.Nc3 c5 4.cxd5 exd5 5.Nf3 Nc6 6.g3 Nf6 7.Bg2 Be7 8.O-O 
O-O 9.Bg5 Be6 10.Rc1 cxd4 11.Nxd4 h6 12.Be3 Ng4 13.Bf4 Nf6 14.Ncb5 Qd7 15.
Nc7 Rac8 16.Ncxe6 fxe6 17.Bh3 Nxd4 18.Qxd4 Rxc1 19.Rxc1 Bd6 20.Qxa7 Bxf4 
21.gxf4 Ne4 22.f3 Nd6 23.Qd4 Nf5 24.Qe5 Rf6 25.Kf1 d4 26.Bxf5 Rxf5 27.Rc7 
Rxe5 28.Rxd7 Rb5 29.b3 Rb4 30.Ke1 Kh7 31.Kd2 Rb5 32.Kd3 Rh5 33.Rxb7 Rxh2 
34.a4 Rh1 35.Kxd4 h5 36.Rb5 g6 37.Rg5 h4 38.a5 h3 39.Rg3 Kg7 40.Ke5 Rd1 
41.Rxh3 Rd5+ 42.Kxe6 Rxa5 43.Rg3 Rb5 44.f5 Rxb3 45.Rxg6+ 1-0

[Event "XXI Festival Conca della Presolana A"]
[Site "Bratto - Castione della Presolana ITA"]
[Date "2001.08.22"]
[Round "1"]
[White "Astengo, Corrado"]
[Black "Sarno, Spartaco"]
[Result "1/2-1/2"]
[WhiteElo "2103"]
[BlackElo "2400"]
[PlyCount "58"]
[EventDate "2001.08.22"]

1.e4 d6 2.d4 Nf6 3.Nc3 g6 4.g3 Bg7 5.Bg2 O-O 6.Nge2 e5 7.O-O Nc6 8.dxe5 
dxe5 9.Bg5 Nd4 10.Nxd4 exd4 11.Nd5 Be6 12.Qf3 Bxd5 13.exd5 Qd6 14.Rfe1 
Rfe8 15.Bxf6 Bxf6 16.Qd3 Rxe1+ 17.Rxe1 Qb4 18.Rb1 Re8 19.a3 Qb6 20.b3 Re5 
21.Rd1 Kg7 22.Bf3 c6 23.dxc6 bxc6 24.Kg2 Rc5 25.Be4 Qc7 26.Qf3 Rc3 27.Bd3 
Qe5 28.a4 a5 29.Rd2 Qd5 1/2-1/2

[Event "XXI Festival Conca della Presolana A"]
[Site "Bratto - Castione della Presolana ITA"]
[Date "2001.08.22"]
[Round "1"]
[White "Astengo, Marcello"]
[Black "Menoni, Vincenzo"]
[Result "1-0"]
[WhiteElo "2005"]
[BlackElo "2252"]
[PlyCount "73"]
[EventDate "2001.08.22"]

1.d4 Nf6 2.c4 g6 3.d5 Bg7 4.Nc3 d6 5.e4 O-O 6.Bd3 e5 7.Nge2 c6 8.O-O cxd5 
9.cxd5 Na6 10.f3 Nc5 11.Be3 Nfd7 12.Bc2 a5 13.Nb5 Qe7 14.Rc1 b6 15.Nec3 f5
16.Qd2 Nf6 17.a3 f4 18.Bf2 Bd7 19.Qe2 g5 20.Nc7 Rac8 21.N3b5 g4 22.b4 gxf3
23.gxf3 axb4 24.axb4 Bxb5 25.Nxb5 Na6 26.Nxd6 Qxd6 27.Qxa6 Nd7 28.Ba4 Ra8 
29.Qb5 Qg6+ 30.Kh1 Qh5 31.Bd1 Qh3 32.Rg1 Ra2 33.Qf1 Qh6 34.Rc6 Nf6 35.Rc7 
Ne8 36.Rc6 Nf6 37.Rxb6 1-0

[Event "XXI Festival Conca della Presolana A"]
[Site "Bratto - Castione della Presolana ITA"]
[Date "2001.08.22"]
[Round "1"]
[White "Ausmins, Elmar"]
[Black "Capece, Adolivio"]
[Result "1/2-1/2"]
[WhiteElo "2345"]
[BlackElo "2073"]
[PlyCount "86"]
[EventDate "2001.08.22"]

1.d4 Nf6 2.c4 c5 3.d5 b5 4.cxb5 e6 5.Nc3 exd5 6.Nxd5 Bb7 7.Nxf6+ Qxf6 8.
Nf3 d5 9.e3 Bd6 10.Be2 Nd7 11.O-O O-O 12.a4 Rfe8 13.a5 Rad8 14.Qc2 h6 15.
Bd2 d4 16.b4 d3 17.Qxd3 Ne5 18.Qc2 Nxf3+ 19.Bxf3 Bxf3 20.gxf3 Qg5+ 21.Kh1 
Qh5 22.f4 Qf3+ 23.Kg1 Re6 24.bxc5 Qg4+ 25.Kh1 Qf3+ 26.Kg1 Rg6+ 27.Qxg6 
fxg6 28.cxd6 Qg4+ 29.Kh1 Qf3+ 30.Kg1 Rxd6 31.Bb4 Qg4+ 32.Kh1 Qf3+ 33.Kg1 
Rd5 34.b6 Qg4+ 35.Kh1 Qf3+ 36.Kg1 axb6 37.axb6 Qg4+ 38.Kh1 Qf3+ 39.Kg1 
Qg4+ 40.Kh1 Rb5 41.Bc3 Qf3+ 42.Kg1 Qg4+ 43.Kh1 Qf3+ 1/2-1/2

[Event "XXI Festival Conca della Presolana A"]
[Site "Bratto - Castione della Presolana ITA"]
[Date "2001.08.22"]
[Round "1"]
[White "Bozzali, Ermanno"]
[Black "Lanzani, Mario"]
[Result "0-1"]
[WhiteElo "2099"]
[BlackElo "2380"]
[PlyCount "90"]
[EventDate "2001.08.22"]

1.e4 e6 2.d4 d5 3.Nc3 Nf6 4.Bg5 Bb4 5.e5 h6 6.Bd2 Bxc3 7.bxc3 Ne4 8.Qg4 
Kf8 9.Bd3 Nxd2 10.Kxd2 c5 11.h4 c4 12.Be2 Bd7 13.Qf4 b5 14.a3 Nc6 15.Bh5 
Be8 16.Ne2 a5 17.Rh3 Qb6 18.Rf3 Ra7 19.g4 b4 20.Rb1 bxc3+ 21.Kc1 Qd8 22.
Rh3 Qe7 23.Nxc3 Qxa3+ 24.Kd2 Qe7 25.Rhh1 Rb7 26.Nb5 Nxe5 27.Nd6 c3+ 28.Ke2
Qxd6 29.dxe5 Qa6+ 30.Kf3 Rxb1 31.Rxb1 Qc4 32.Qxc4 dxc4 33.g5 hxg5 34.Bg4 
gxh4 35.Bh3 Ke7 36.Ke3 Bc6 37.Kd4 Bd5 38.Kxc3 f6 39.Rg1 Kf7 40.f4 Ra8 41.
Bg2 Bxg2 42.Rxg2 a4 43.Kb2 h3 44.Rh2 Rh8 45.exf6 Kxf6 0-1

[Event "XXI Festival Conca della Presolana A"]
[Site "Bratto - Castione della Presolana ITA"]
[Date "2001.08.22"]
[Round "1"]
[White "Contin, Daniel"]
[Black "De Barberis, Massimo"]
[Result "1-0"]
[WhiteElo "2382"]
[BlackElo "2103"]
[PlyCount "52"]
[EventDate "2001.08.22"]

1.c4 Nf6 2.Nc3 e6 3.e4 c5 4.e5 Ng8 5.Nf3 Nc6 6.d4 cxd4 7.Nxd4 Nxe5 8.Ndb5 
a6 9.Nd6+ Bxd6 10.Qxd6 f6 11.Be3 Ne7 12.Bb6 Nf5 13.Qc5 d6 14.O-O-O Qe7 15.
Qa3 O-O 16.f4 Nd7 17.Bc7 Nc5 18.Bxd6 Nxd6 19.Qxc5 Rd8 20.Be2 Rb8 21.Ne4 b6
22.Qa3 Nf5 23.Qxe7 Rxd1+ 24.Rxd1 Nxe7 25.Rd8+ Kf7 26.Nd6+ Kg6 1-0

[Event "XXI Festival Conca della Presolana A"]
[Site "Bratto - Castione della Presolana ITA"]
[Date "2001.08.22"]
[Round "1"]
[White "Dervishi, Erald"]
[Black "Lapiccirella, Mattia"]
[Result "1-0"]
[WhiteElo "2491"]
[BlackElo "2146"]
[PlyCount "55"]
[EventDate "2001.08.22"]

1.e4 c5 2.Nf3 Nc6 3.d4 cxd4 4.Nxd4 Nf6 5.Nc3 d6 6.Bc4 Qb6 7.Nxc6 bxc6 8.
O-O e6 9.Qe2 Nd7 10.b3 Be7 11.Bb2 O-O 12.Na4 Qc7 13.Bd3 e5 14.c4 Nb6 15.
Nc3 Be6 16.Rad1 a5 17.Kh1 Rfd8 18.Qe3 Rab8 19.Ba1 a4 20.f4 axb3 21.axb3 
exf4 22.Qxf4 Bf8 23.Ne2 Nd7 24.Nd4 Nc5 25.Bc2 Re8 26.Qh4 g6 27.Qf6 Bg7 28.
Qxg7+ 1-0

[Event "XXI Festival Conca della Presolana A"]
[Site "Bratto - Castione della Presolana ITA"]
[Date "2001.08.22"]
[Round "1"]
[White "Di Fonzo, Valerio"]
[Black "Capata, Ion"]
[Result "1/2-1/2"]
[WhiteElo "2223"]
[BlackElo "1948"]
[PlyCount "116"]
[EventDate "2001.08.22"]

1.e4 e5 2.Nf3 Nc6 3.Nc3 Nf6 4.d4 exd4 5.Nxd4 Bb4 6.Nxc6 bxc6 7.Bd3 O-O 8.
O-O d6 9.Bg5 h6 10.Bh4 Re8 11.f4 Bc5+ 12.Kh1 Bd4 13.Na4 Bd7 14.c3 Bb6 15.
Nxb6 cxb6 16.Bc2 Bg4 17.Qd4 c5 18.Bxf6 Qxf6 19.Qxf6 gxf6 20.Rfe1 Be6 21.
Rad1 Rad8 22.Ba4 Bd7 23.Bxd7 Rxd7 24.g3 Rde7 25.Rxd6 Rxe4 26.Rxe4 Rxe4 27.
Rd3 b5 28.Kg2 b4 29.cxb4 cxb4 30.Kf3 Re1 31.b3 f5 32.Rd7 Rc1 33.Rxa7 Rc2 
34.h4 Kg7 35.Ra4 Kg6 36.Rxb4 Rxa2 37.Rc4 Rb2 38.Rc3 f6 39.g4 fxg4+ 40.Kxg4
h5+ 41.Kg3 Kf5 42.Kf3 Rh2 43.Rc5+ Ke6 44.Kg3 Rd2 45.b4 Rd3+ 46.Kg2 Rd4 47.
b5 Rxf4 48.Rxh5 Rb4 49.Kf3 f5 50.Rh6+ Ke5 51.b6 Rb3+ 52.Ke2 Kf4 53.Kd2 Kg4
54.Kc2 Rb5 55.Kc3 f4 56.Kc4 Rb2 57.Kc5 f3 58.Rf6 f2 1/2-1/2

[Event "XXI Festival Conca della Presolana A"]
[Site "Bratto - Castione della Presolana ITA"]
[Date "2001.08.22"]
[Round "1"]
[White "Digiugno, Franco"]
[Black "Godena, Michele"]
[Result "0-1"]
[WhiteElo "2145"]
[BlackElo "2491"]
[PlyCount "54"]
[EventDate "2001.08.22"]

1.d4 d5 2.Nf3 Nf6 3.Bg5 Ne4 4.Bf4 Bf5 5.e3 e6 6.Nbd2 g5 7.Be5 f6 8.Bg3 h5 
9.Bb5+ Nd7 10.h3 Nxg3 11.fxg3 Bd6 12.Nf1 Be4 13.Qe2 c6 14.Bd3 Qc7 15.O-O-O
Bxg3 16.Bxe4 dxe4 17.N3d2 f5 18.Qc4 Rh6 19.Qb3 O-O-O 20.c4 c5 21.Qa4 Kb8 
22.Nb3 Bd6 23.Nfd2 cxd4 24.Nxd4 Nc5 25.Qc2 Nd3+ 26.Kb1 Nf2 27.Nb5 Qc6 0-1

[Event "XXI Festival Conca della Presolana A"]
[Site "Bratto - Castione della Presolana ITA"]
[Date "2001.08.22"]
[Round "1"]
[White "Drazic, Sinisa"]
[Black "Piva, Giorgio"]
[Result "1-0"]
[WhiteElo "2480"]
[BlackElo "2133"]
[PlyCount "123"]
[EventDate "2001.08.22"]

1.e3 d5 2.Nf3 Nf6 3.c4 e6 4.b3 Be7 5.Bb2 Nbd7 6.Be2 O-O 7.O-O b6 8.cxd5 
Nxd5 9.Na3 c5 10.Nc4 Ba6 11.Re1 Rc8 12.e4 Nf4 13.Bf1 b5 14.Ne3 Nf6 15.e5 
N6d5 16.a4 Qb6 17.axb5 Bxb5 18.Nc4 Bxc4 19.Bxc4 Nb4 20.Bc3 a5 21.Qb1 Ra8 
22.Qe4 Nfd5 23.h4 Qc6 24.g3 Nxc3 25.dxc3 Qxe4 26.Rxe4 Nd5 27.Bxd5 exd5 28.
Rea4 Rab8 29.Nd2 f6 30.Rxa5 fxe5 31.c4 dxc4 32.bxc4 Rbd8 33.R1a2 Rd4 34.
Rc2 Rc8 35.Nf3 Rd1+ 36.Kg2 Bd6 37.Ng5 Re1 38.f3 h6 39.Ne4 Bf8 40.h5 Rd1 
41.Ra6 Rdd8 42.Kh3 Ra8 43.Rxa8 Rxa8 44.Kg4 Ra7 45.Rc3 Rf7 46.Rd3 Kh7 47.
Rd5 Rb7 48.Rd8 Be7 49.Rd5 Rb4 50.Rxe5 Bf8 51.Rf5 Kg8 52.Rf4 Be7 53.Kf5 
Rxc4 54.Nf6+ Bxf6 55.Rxc4 Bd4 56.Ra4 Kf7 57.Ra7+ Ke8 58.Ke6 Kd8 59.g4 Kc8 
60.Kd5 Kd8 61.f4 Ke8 62.g5 1-0

[Event "XXI Festival Conca della Presolana A"]
[Site "Bratto - Castione della Presolana ITA"]
[Date "2001.08.22"]
[Round "1"]
[White "Eskola, Risto"]
[Black "Koskinen, Henri"]
[Result "1/2-1/2"]
[WhiteElo "2148"]
[BlackElo "2321"]
[PlyCount "22"]
[EventDate "2001.08.22"]

1.d4 e6 2.c4 b6 3.Nf3 Bb7 4.Nc3 Nf6 5.Bf4 Bb4 6.e3 O-O 7.Bd3 d5 8.O-O c5 
9.Rc1 Nc6 10.cxd5 exd5 11.Bb1 cxd4 1/2-1/2

[Event "XXI Festival Conca della Presolana A"]
[Site "Bratto - Castione della Presolana ITA"]
[Date "2001.08.22"]
[Round "1"]
[White "Ferrari, Nicola"]
[Black "Lalic, Bogdan"]
[Result "1/2-1/2"]
[WhiteElo "2163"]
[BlackElo "2528"]
[PlyCount "49"]
[EventDate "2001.08.22"]

1.e4 c6 2.d4 d5 3.Nd2 dxe4 4.Nxe4 Bf5 5.Ng3 Bg6 6.N1e2 Nf6 7.Nf4 e5 8.Nxg6
hxg6 9.dxe5 Qa5+ 10.Bd2 Qxe5+ 11.Qe2 Qxe2+ 12.Bxe2 Nbd7 13.O-O-O Bc5 14.f3
Kf8 15.Bc3 Re8 16.Ne4 Nxe4 17.fxe4 Nb6 18.h3 Na4 19.Rd7 Nxc3 20.bxc3 Rxe4 
21.Bf3 Re7 22.Rd8+ Re8 23.Rd7 Re7 24.Rd8+ Re8 25.Rd7 1/2-1/2

[Event "XXI Festival Conca della Presolana A"]
[Site "Bratto - Castione della Presolana ITA"]
[Date "2001.08.22"]
[Round "1"]
[White "Foisor, Cristina-Adela"]
[Black "Battaggia, Piergiorgio"]
[Result "1-0"]
[WhiteElo "2423"]
[BlackElo "2114"]
[PlyCount "41"]
[EventDate "2001.08.22"]

1.Nf3 c5 2.c4 Nc6 3.Nc3 g6 4.d4 cxd4 5.Nxd4 Bg7 6.Nb3 Bxc3+ 7.bxc3 Nf6 8.
f3 O-O 9.c5 b6 10.Bg5 bxc5 11.Bxf6 exf6 12.Qd5 Re8 13.Rd1 Re6 14.Nxc5 Qa5 
15.Nxe6 Qxc3+ 16.Qd2 Qxd2+ 17.Rxd2 fxe6 18.e3 Rb8 19.Kf2 Rb1 20.Rg1 d5 21.
Be2 1-0

[Event "XXI Festival Conca della Presolana A"]
[Site "Bratto - Castione della Presolana ITA"]
[Date "2001.08.22"]
[Round "1"]
[White "Foisor, Ovidiu-Doru"]
[Black "Caruso, Daniele"]
[Result "1-0"]
[WhiteElo "2400"]
[BlackElo "2104"]
[PlyCount "73"]
[EventDate "2001.08.22"]

1.c4 e5 2.g3 g6 3.Bg2 Bg7 4.Nc3 Nc6 5.Rb1 a5 6.a3 f5 7.d3 Nf6 8.b4 axb4 9.
axb4 O-O 10.Nf3 d6 11.O-O h6 12.b5 Ne7 13.Nd2 Kh8 14.Bb2 g5 15.Ra1 Rxa1 
16.Qxa1 Ng6 17.Qa7 b6 18.Nd5 Ne8 19.Qb8 Bf6 20.Nxf6 Nxf6 21.Ra1 Bd7 22.
Qxd8 Rxd8 23.Ra7 Ne8 24.Nb1 Kg8 25.Nc3 Ne7 26.f4 Kf7 27.Kf2 Kg6 28.fxe5 
dxe5 29.Na2 Kf6 30.Nb4 Ke6 31.e4 f4 32.Na6 c5 33.Bh3+ Kd6 34.Bxd7 Rxd7 35.
Bxe5+ Ke6 36.Rxd7 Kxd7 37.gxf4 1-0

[Event "XXI Festival Conca della Presolana A"]
[Site "Bratto - Castione della Presolana ITA"]
[Date "2001.08.22"]
[Round "1"]
[White "Friedrich, Norbert"]
[Black "Mascheroni, Maurizio"]
[Result "1-0"]
[WhiteElo "2275"]
[BlackElo "2054"]
[PlyCount "47"]
[EventDate "2001.08.22"]

1.e4 d6 2.d4 Nf6 3.Nc3 g6 4.Nf3 Bg7 5.Be2 O-O 6.O-O c5 7.dxc5 dxc5 8.Be3 
b6 9.Qc1 Bb7 10.Rd1 Qc8 11.Nd5 Nxd5 12.exd5 Nd7 13.Bh6 Nf6 14.c4 Rd8 15.
Bxg7 Kxg7 16.Qc3 Kg8 17.Ne5 Qf5 18.Bf3 Ne4 19.Bxe4 Qxe4 20.Rd3 f6 21.Re1 
Qf5 22.Rf3 Qc8 23.Nf7 Re8 24.Nh6+ 1-0

[Event "XXI Festival Conca della Presolana A"]
[Site "Bratto - Castione della Presolana ITA"]
[Date "2001.08.22"]
[Round "1"]
[White "Galli, Fabio"]
[Black "Dittmar, Peter"]
[Result "0-1"]
[WhiteElo "2079"]
[BlackElo "2348"]
[PlyCount "120"]
[EventDate "2001.08.22"]

1.e4 e6 2.g3 d5 3.Bg2 dxe4 4.Nc3 Bd7 5.d3 Bc6 6.dxe4 Qxd1+ 7.Nxd1 Nf6 8.f3
Nbd7 9.Ne2 Bc5 10.Be3 e5 11.Bxc5 Nxc5 12.Ndc3 a5 13.O-O-O O-O 14.g4 Rfd8 
15.g5 Nh5 16.Nd5 Bxd5 17.exd5 Ra6 18.Bh3 h6 19.Bg4 Nf4 20.Nxf4 exf4 21.h4 
Rad6 22.Rhe1 hxg5 23.hxg5 Rxd5 24.Re8+ Rxe8 25.Rxd5 b6 26.Rd4 g6 27.Rxf4 
Re5 28.Rf6 Rxg5 29.Bc8 Re5 30.Rc6 Re7 31.Kd2 Kg7 32.c3 a4 33.Bh3 Kh6 34.
Bf1 Kg5 35.Bc4 Kf5 36.b4 axb3 37.axb3 Ke5 38.Ke3 Ne6 39.Bxe6 Rxe6 40.Rc4 
g5 41.Kd3 c5 42.Re4+ Kf5 43.Ra4 Rd6+ 44.Ke3 Rg6 45.Ra7 Re6+ 46.Kd3 f6 47.
Ra4 Kg6 48.b4 cxb4 49.Rxb4 f5 50.Kd4 Kh5 51.c4 f4 52.Kd5 Re3 53.Rxb6 Rxf3 
54.Rb1 g4 55.Rc1 g3 56.c5 Kg4 57.c6 Rd3+ 58.Ke4 Re3+ 59.Kd4 Re8 60.c7 g2 
0-1

[Event "XXI Festival Conca della Presolana A"]
[Site "Bratto - Castione della Presolana ITA"]
[Date "2001.08.22"]
[Round "1"]
[White "Guido, Flavio"]
[Black "Pegoraro, Nicola"]
[Result "1-0"]
[WhiteElo "2379"]
[BlackElo "2099"]
[PlyCount "79"]
[EventDate "2001.08.22"]

1.e4 c5 2.c3 e5 3.Nf3 Nc6 4.Bb5 Qc7 5.O-O Nf6 6.d4 cxd4 7.cxd4 Be7 8.Nc3 
exd4 9.Nxd4 Nxd4 10.Qxd4 O-O 11.e5 Ne8 12.Bf4 Qc5 13.Qxc5 Bxc5 14.Rad1 Nc7
15.Bxd7 Ne6 16.Bg3 Rd8 17.Bxc8 Raxc8 18.Rxd8+ Rxd8 19.Rd1 Bd4 20.Kf1 Bxc3 
21.Rxd8+ Nxd8 22.bxc3 Nc6 23.Ke2 Kf8 24.Kd3 Ke7 25.Ke4 Ke6 26.f4 g6 27.Bf2
h5 28.h3 a6 29.g4 hxg4 30.hxg4 Kd7 31.f5 gxf5+ 32.gxf5 Ne7 33.Bc5 Nc6 34.
Kd5 a5 35.a4 Nd8 36.Bd6 Nc6 37.e6+ fxe6+ 38.fxe6+ Kd8 39.Kc5 Kc8 40.Kb6 
1-0

[Event "XXI Festival Conca della Presolana A"]
[Site "Bratto - Castione della Presolana ITA"]
[Date "2001.08.22"]
[Round "1"]
[White "Khenkin, Igor"]
[Black "Giretti Kanev, Jasen"]
[Result "1/2-1/2"]
[WhiteElo "2579"]
[BlackElo "2178"]
[PlyCount "62"]
[EventDate "2001.08.22"]

1.d4 d5 2.c4 c6 3.e3 Nf6 4.Bd3 g6 5.Nf3 Bg7 6.O-O O-O 7.Nc3 Bg4 8.h3 Bxf3 
9.Qxf3 e6 10.Qd1 Nbd7 11.b3 e5 12.dxe5 Nxe5 13.Be2 Ne4 14.Nxe4 dxe4 15.Ba3
Re8 16.Qxd8 Raxd8 17.Rad1 b6 18.Rxd8 Rxd8 19.Rd1 Rxd1+ 20.Bxd1 Bf8 21.Bb2 
Nd3 22.Bf6 Nb4 23.a4 Bg7 24.Bd8 Be5 25.Be2 c5 26.a5 bxa5 27.Bxa5 Nc6 28.
Be1 f5 29.f3 Kf7 30.fxe4 fxe4 31.g4 Bb2 1/2-1/2

[Event "XXI Festival Conca della Presolana A"]
[Site "Bratto - Castione della Presolana ITA"]
[Date "2001.08.22"]
[Round "1"]
[White "Lapiccirella, Daniele"]
[Black "Mantovani, Renzo"]
[Result "0-1"]
[WhiteElo "2098"]
[BlackElo "2372"]
[PlyCount "116"]
[EventDate "2001.08.22"]

1.d4 Nf6 2.c4 c5 3.d5 g6 4.Nc3 Bg7 5.e4 O-O 6.f3 d6 7.Be3 e6 8.Bd3 exd5 9.
cxd5 a6 10.a4 Nbd7 11.Nge2 Ne5 12.O-O Ne8 13.Rb1 Qa5 14.h3 Bd7 15.f4 Nxd3 
16.Qxd3 f5 17.b3 b5 18.Bd2 b4 19.Nd1 fxe4 20.Qc4 Nf6 21.Nf2 Rae8 22.Be3 h5
23.Rfe1 Rf7 24.Ng3 Rfe7 25.Rbd1 Qb6 26.Nf1 Bc8 27.Bc1 a5 28.Ne3 Ba6 29.Qc2
Kh7 30.g3 Nd7 31.Bb2 Bd3 32.Qc1 Ba6 33.Kg2 Bd4 34.Qd2 Bf6 35.Qc2 Kg7 36.g4
hxg4 37.hxg4 Kf7 38.g5 Bd4 39.Qd2 Rf8 40.Neg4 Bxb2 41.Qxb2 Ke8 42.Nf6+ Kd8
43.N2xe4 c4 44.Nxd7 Rxd7 45.Nf6 Re7 46.Rxe7 Kxe7 47.Qe2+ Kd8 48.Re1 Rh8 
49.Qe6 Rh2+ 50.Kxh2 Qf2+ 51.Kh3 Bc8 52.Qxc8+ Kxc8 53.Re8+ Kb7 54.Re7+ Ka6 
55.Nd7 Qf3+ 56.Kh4 Qxf4+ 57.Kh3 Qf3+ 58.Kh4 Qh5+ 0-1

[Event "XXI Festival Conca della Presolana A"]
[Site "Bratto - Castione della Presolana ITA"]
[Date "2001.08.22"]
[Round "1"]
[White "Mauro, Alan"]
[Black "Jablon, Stephen"]
[Result "1-0"]
[WhiteElo "2245"]
[BlackElo "1844"]
[PlyCount "49"]
[EventDate "2001.08.22"]

1.e4 d5 2.exd5 Nf6 3.d4 Nxd5 4.Nf3 Bg4 5.Be2 e6 6.O-O Nd7 7.Ne5 Bxe2 8.
Qxe2 Be7 9.c4 N5b6 10.Nc3 O-O 11.b3 c5 12.Nxd7 Qxd7 13.dxc5 Bxc5 14.Rd1 
Qc6 15.Ne4 Be7 16.Bb2 Rfd8 17.Qg4 Bf8 18.Nf6+ Kh8 19.Rxd8 Rxd8 20.Qh5 h6 
21.Qxf7 Bc5 22.Nh5 Bxf2+ 23.Kh1 Qd7 24.Bxg7+ Kh7 25.Nf6# 1-0

[Event "XXI Festival Conca della Presolana A"]
[Site "Bratto - Castione della Presolana ITA"]
[Date "2001.08.22"]
[Round "1"]
[White "Nieus, Thierry"]
[Black "Cugini, Verter"]
[Result "1-0"]
[WhiteElo "1914"]
[BlackElo "2207"]
[PlyCount "105"]
[EventDate "2001.08.22"]

1.e4 e6 2.d4 d5 3.Nd2 Nf6 4.e5 Ne4 5.Bd3 Nxd2 6.Bxd2 c5 7.Qg4 h5 8.Qg3 Qb6
9.Nf3 c4 10.Be2 Qxb2 11.O-O Qxc2 12.Bd1 Qd3 13.Rc1 h4 14.Qf4 Qf5 15.Qe3 
Nc6 16.Bc2 Qh5 17.Ng5 Be7 18.f4 Bd7 19.Rb1 b6 20.Kh1 g6 21.Bd1 Qh6 22.Rf3 
Qf8 23.Be1 Bb4 24.Bf2 Ba5 25.Rh3 Ne7 26.Bc2 Nf5 27.Bxf5 gxf5 28.Rxh4 O-O-O
29.Rxh8 Qxh8 30.Nxf7 Qh5 31.Nxd8 Kxd8 32.Be1 Bxe1 33.Rxe1 Qh4 34.Rf1 Qe7 
35.Qc3 a5 36.Rb1 Kc7 37.h3 Ba4 38.g3 Kc6 39.Kg2 Qa7 40.Qa3 b5 41.Qd6+ Kb7 
42.Qd7+ Kb8 43.Qd8+ Kb7 44.Qd7+ Kb8 45.Qxa7+ Kxa7 46.h4 b4 47.h5 Be8 48.h6
Bg6 49.Kf2 Kb6 50.a4 c3 51.Ke3 c2 52.Rh1 b3 53.Kd2 1-0

[Event "XXI Festival Conca della Presolana A"]
[Site "Bratto - Castione della Presolana ITA"]
[Date "2001.08.22"]
[Round "1"]
[White "Osuna Munoz, Xavier"]
[Black "Belotti, Bruno"]
[Result "0-1"]
[WhiteElo "2109"]
[BlackElo "2405"]
[PlyCount "64"]
[EventDate "2001.08.22"]

1.e4 c5 2.Nf3 d6 3.d4 cxd4 4.Nxd4 Nf6 5.Nc3 a6 6.Bg5 e6 7.Qd3 h6 8.Bh4 Be7
9.O-O-O Nbd7 10.f4 g5 11.fxg5 Ne5 12.Qe2 Nfg4 13.Nf3 hxg5 14.Bg3 Qa5 15.
Nxe5 Nxe5 16.Qe3 Bd7 17.Be2 Rc8 18.Rhf1 Qc5 19.Qd2 b5 20.h3 b4 21.Bxe5 
Qxe5 22.Nb1 Qxe4 23.Bxa6 Ra8 24.Bd3 Qc6 25.Qxb4 Rxa2 26.Qb3 Ra1 27.Qb8+ 
Bd8 28.b3 O-O 29.Qb4 f5 30.g4 Ba5 31.Qd4 Bc3 32.Qc4 Rfa8 0-1

[Event "XXI Festival Conca della Presolana A"]
[Site "Bratto - Castione della Presolana ITA"]
[Date "2001.08.22"]
[Round "1"]
[White "Pagnoncelli, Marco"]
[Black "Maksimovic, Suzana"]
[Result "1/2-1/2"]
[WhiteElo "2064"]
[BlackElo "2294"]
[PlyCount "72"]
[EventDate "2001.08.22"]

1.e4 c5 2.Nf3 Nc6 3.d4 cxd4 4.Nxd4 Nf6 5.Nc3 e5 6.Ndb5 d6 7.Nd5 Nxd5 8.
exd5 Nb4 9.a3 Na6 10.Be3 b6 11.c4 Be7 12.Be2 O-O 13.O-O Bd7 14.Nc3 f5 15.
f4 Bf6 16.Rc1 g5 17.fxg5 Bxg5 18.Bxg5 Qxg5 19.Kh1 Nc5 20.b4 Ne4 21.Rf3 Kh8
22.Nxe4 fxe4 23.Rg3 Qh4 24.Qe1 Rf4 25.Re3 Qf6 26.g3 Rf2 27.Rxe4 Bh3 28.Rh4
Bg2+ 29.Kg1 Rf8 30.Bd3 e4 31.Rc2 Rxc2 32.Bxc2 Bf3 33.Rf4 Qd4+ 34.Qf2 Qa1+ 
35.Qf1 Qd4+ 36.Qf2 Qa1+ 1/2-1/2